000 00629nam a22002297a 4500
003 UA-OsUOA
001 130484
007 ta
008 20180503b un ||||| |||| 00| 0 ukr d
100 _aРильке Р. М.
090 _a821.161.1
_bР50
942 _cBK
040 _aUA-OsUOA
_brus
_cUA-OsUOA
_dUA-OsUOA
245 _aВорпсведе. Огюст Роден. Письма. Стихи
300 _a455 с.
955 _a3
041 _arus
080 _a821.161.1
260 _aМ.
_bИскуссство
_c1971
650 7 _a82 Література. Літературознавство
_2UDC
999 _c418510
_d418510